CASSELL'S FRENCH-ENGLISH & ENGLISH-FRENCH DICTIONARY (Record no. 97824)

MARC details
000 -LEADER
fixed length control field 00472nam a2200157Ia 4500
008 - FIXED-LENGTH DATA ELEMENTS--GENERAL INFORMATION
fixed length control field 090124s9999 xx 000 0 und d
082 ## - DEWEY DECIMAL CLASSIFICATION NUMBER
Item number 31980
245 ## - TITLE STATEMENT
Title CASSELL'S FRENCH-ENGLISH & ENGLISH-FRENCH DICTIONARY
250 ## - EDITION STATEMENT
Edition statement 0
260 ## - PUBLICATION, DISTRIBUTION, ETC. (IMPRINT)
Name of publisher, distributor, etc CASSELL & CO. LTD.
Date of publication, distribution, etc 1920
300 ## - PHYSICAL DESCRIPTION
Extent 557
630 ## - SUBJECT ADDED ENTRY--UNIFORM TITLE
Uniform title CASSELL'S FRENCH-ENGLISH & ENGLISH-FRENCH DICTIONARY
700 ## - ADDED ENTRY--PERSONAL NAME
Personal name BAKER ERNEST A.
730 ## - ADDED ENTRY--UNIFORM TITLE
Uniform title CASSELL'S FRENCH-ENGLISH & ENGLISH-FRENCH DICTIONARY
942 ## - ADDED ENTRY ELEMENTS (KOHA)
Koha item type Book
Holdings
Withdrawn status Lost status Damaged status Not for loan Home library Current library Date acquired Cost, normal purchase price Total Checkouts Full call number Barcode Date last seen Cost, replacement price Price effective from Koha item type
        Nagar Wachan Mandir, Thane Nagar Wachan Mandir, Thane   0.00   31980 THNNWM-31980 01/24/2009 0.00 01/24/2009 Book